[Event "Oregon Open 2023"]
[Site "?"]
[Date "2023.09.02"]
[Round "2"]
[White "Srivastava, Vikram"]
[Black "Heath, Derek"]
[Result "1-0"]
[WhiteElo "2177"]
[BlackElo "1865"]
[Annotator "Wilson Gibbins"]
[PlyCount "67"]
[EventDate "2023.??.??"]
[SourceVersionDate "2023.09.15"]

{[%evp 0,67,28,4,25,45,40,42,58,45,61,48,46,7,43,4,45,31,10,13,16,35,41,16,30,-2,26,19,24,16,24,0,32,2,2,-26,-18,-18,-2,-23,-23,-39,-35,-13,-13,-11,-19,-21,19,-21,-24,-24,32,86,47,85,78,92,171,177,177,126,236,267,277,267,543,541,541,544]} 1. e4 d5 2. exd5 Nf6 {This move appears to avoid losing time by capturing with the queen. But jump ahead to Black's move 4 for a counterargument.} ({The most popular line is} 2... Qxd5 {It allows White to gain time for development with} 3. Nc3 {but the line is perfectly playable, even at the top levels. It was good enough for Larsen to beat Karpov at Montreal in 1979.}) 3. Nf3 {This natural developing move is a good way to pursue an edge while avoiding Black's tricky theoretical lines. In Kaufman's "New Reprtoire for Black and White" the author says "I would choose 3.d4 for correspondence games or when fully prepared, 3.Nf3 otherwise."} (3. d4 Bg4 {is the tricky Portuguese Gambit.}) ({Attempting to keep the extra pawn with} 3. c4 {usually backfires} c6 (3... e6 $5 4. dxe6 Bxe6 {is the Icelandic Gambit}) 4. dxc6 $6 (4. d4 cxd5 5. Nc3 {transposes to the Caro-Kann, Panov-Botvinnik variation.}) 4... Nxc6 5. Nf3 e5 {and Black has more than a pawn's worth of compensation.}) 3... Bg4 4. Be2 (4. Bb5+ {is a more complex path to an advantage. Vikram continues his "safety first" policy.}) 4... Qxd5 {We teach beginners not to bring their queen out early in the game, but this is the best move in this position. Real chess doesn't always follow the beginner guidelines.} (4... Nxd5 5. d4 e6 6. c4 $14) 5. d4 Nc6 6. Be3 e6 {the second most popular choice.} (6... O-O-O {is the most popular move. Players who love sharp games find it hard to resist opposite sides castling.}) ({But the third most popular move} 6... e5 {might be Black's best shot at equality.}) 7. Nbd2 $14 {White is solid, has a little more space, and a few more plans. Nothing concrete, but White's position has more promise.} Rd8 8. c3 Be7 9. h3 Bh5 10. O-O O-O 11. Re1 Rfe8 12. Qa4 a6 13. Rac1 Qd7 14. Qb3 Qc8 15. c4 Nb8 {Black undevelops his knight to allow a pawn break in the center.} ({White has stopped the other central pawn break} 15... e5) 16. Nf1 {Seems logical, as the knight wasn't doing much on d2, but Stockfish says it gives away White's edge.} ({Stockfish bravely suggests} 16. g4 Bg6 17. Ne5 $14 {but it is a lot easier to tell other players to weaken their king's pawn cover than to do it yourself. Especially when you know that Black is about to open the center with} c5) 16... c5 17. dxc5 Nbd7 $11 18. c6 Qxc6 19. Nd4 Qc7 20. Bxh5 Nxh5 21. Red1 Nc5 22. Qc2 Nf4 {Black's knights are threatening, but they don't have stable support squares. Both sides will need to be careful.} 23. Ng3 (23. Rd2 $11) 23... h6 (23... Ncd3 $5 24. Rxd3 $2 (24. Rb1 $15) 24... Nxd3 25. Qxd3 e5 $17) 24. Rd2 Bf6 25. Rcd1 Be5 $2 {Black has been playing steady chess, but his minor pieces do not have safe anchors, resulting in a position where it is easy to make a mistake.} (25... Bg5 $11) 26. b4 $1 $16 Nd7 27. Nf3 Ng6 28. Ne4 Bf4 29. Bxf4 Nxf4 30. Nd6 Rf8 $2 (30... Re7 {prevents White's game continuation by indirectly protecting Black's queen on c7} 31. Qe4 $6 Nd5 $1 $14 32. cxd5 Nf6 33. Qc4 Rxd6) 31. Qe4 $1 Ng6 (31... Nd5 32. cxd5 Nf6 (32... Qxd6 33. dxe6 Qxe6 34. Qxe6 fxe6 35. Rxd7) 33. Qc4 Qxd6 34. dxe6) 32. Qxb7 Qb6 33. c5 Qxb7 34. Nxb7 1-0

[Event "Oregon Open 2023 U2000"]
[Site "?"]
[Date "2023.09.02"]
[Round "2"]
[White "Sherrard, Jerry"]
[Black "Disenhof, Jonathan"]
[Result "1/2-1/2"]
[WhiteElo "1900"]
[BlackElo "1646"]
[Annotator "Chessify Cloud Stockfish (8m)"]
[PlyCount "74"]
[EventDate "2023.??.??"]
[SourceVersionDate "2023.09.15"]

{[%mdl 8192][%evp 0,74,28,20,64,56,62,36,36,42,40,35,32,27,26,26,26,15,9,9,28,23,36,42,40,18,17,5,0,-10,30,-19,28,-19,42,-21,41,22,19,22,43,1,-6,-41,-63,-62,-62,-67,-130,-191,-191,-197,-143,-158,-93,-100,-51,-35,-29,-24,-6,-17,-27,-62,-17,-9,7,0,7,7,7,2,8,8,10,9,2] B15: Caro-Kann: 3 Nc3: 3...g6 and 3...dxe4 4 Nxe4 Nf6 5 Nxf6+ exf6} 1. e4 c6 2. d4 d5 3. Nc3 dxe4 4. Nxe4 Nf6 5. Nxf6+ exf6 6. c3 Bd6 7. Bd3 O-O 8. Qc2 Re8+ 9. Ne2 h5 10. O-O h4 11. h3 Nd7 12. Kh1 Nf8 13. Ng1 Be6 {last book move} 14. Bd2 Qd7 (14... c5 15. dxc5 Bxc5 16. b4 $11) 15. Rae1 (15. f4 f5 $11) 15... Rac8 (15... Bxa2 $2 16. b3 $18) 16. c4 Bb8 17. Bc3 Qd6 (17... Ng6 18. Re3 $11) 18. f4 (18. Nf3 Ng6 $11) 18... Bd7 19. c5 Qc7 20. b4 (20. Bd2 Be6 $11) 20... Be6 (20... Rcd8 21. Rxe8 Rxe8 22. Bd2 $11) 21. Bf5 (21. Nf3 $5 $11) 21... Rcd8 $15 22. Bxe6 (22. Bd3 Bd5 $15) 22... Nxe6 $17 (22... fxe6 $6 23. Rb1 $11) 23. Re4 (23. Ne2 Qd7 $17) 23... f5 24. Re3 $4 (24. Re5 $142 g6 25. Nf3 $17) 24... Nxf4 $19 25. Re5 (25. Rxe8+ Rxe8 26. Nf3 $19) 25... Rxe5 (25... Nh5 $142 26. Rfe1 Ng3+ 27. Kh2 Ne4 $19) 26. dxe5 $17 Nd5 (26... Nh5 $5 27. Kh2 Rd5 28. Nf3 $17) 27. Re1 Re8 (27... Nxc3 $142 $5 28. Qxc3 Qe7 $17) 28. Nf3 $11 {WG - Jerry has survived the worst.} Qe7 (28... Nxc3 29. Qxc3 Qd8 30. Qc1 $11) 29. Bd2 f4 (29... Qd7 30. Qd3 $11) 30. a3 Bc7 31. Qf5 {[%cal Ye5e6] White prepares e6} g6 32. Qg4 Bd8 33. e6 Kg7 34. exf7 Qxf7 35. Rxe8 Qxe8 36. Bxf4 Nxf4 37. Qxf4 Bf6 1/2-1/2

[Event "Oregon Open 2023 U2000"]
[Site "?"]
[Date "2023.09.04"]
[Round "5"]
[White "Sherrard, Jerry"]
[Black "Murray, David Edward"]
[Result "1-0"]
[WhiteElo "1900"]
[BlackElo "1825"]
[Annotator "Chessify Cloud Stockfish (8m)"]
[PlyCount "99"]
[EventDate "2023.??.??"]
[SourceVersionDate "2023.09.15"]

{[%mdl 8192][%evp 0,99,17,13,56,57,57,28,28,31,33,34,36,13,25,25,28,9,32,23,33,19,51,43,37,34,34,22,43,41,39,38,46,45,69,20,34,38,37,-19,83,10,2,-68,-26,-24,-23,-39,-8,-80,-74,-153,-128,-128,-116,-143,-115,-105,-105,-258,142,142,133,118,118,118,118,54,238,24,96,114,114,114,121,117,117,117,128,128,128,156,196,198,198,198,198,273,358,482,1069,1161,1436,1515,1914,1945,29961,29962,29963,29966,29967,29968] B15: Caro-Kann: 3 Nc3: 3...g6 and 3...dxe4 4 Nxe4 Nf6 5 Nxf6+ exf6} 1. e4 c6 2. d4 d5 3. Nc3 dxe4 4. Nxe4 Nf6 5. Nxf6+ exf6 6. c3 Bd6 7. Bd3 O-O 8. Qc2 Re8+ 9. Ne2 h5 10. O-O h4 11. h3 Nd7 12. Bd2 Nf8 13. Rae1 g6 {last book move} 14. Kh1 (14. Nf4 Rxe1 15. Rxe1 a6 $11) 14... f5 (14... Bc7 15. b3 $11) 15. Qc1 Nh7 (15... Be6 16. c4 $11) 16. Ng1 $14 Be6 17. Nf3 (17. c4 Be7 18. Nf3 Bf6 $14) 17... Bd5 $11 18. Rxe8+ Qxe8 19. Nxh4 Be7 (19... Qe7 20. Nf3 $11) 20. Nxf5 (20. Nf3 Bxf3 21. gxf3 Qd7 $11) 20... gxf5 $11 21. Qb1 (21. Bxf5 Be6 (21... Bxa2 $2 22. Qc2 Nf6 23. b3 $18) 22. Bc2 Qd7 $11 (22... Bxa2 $2 23. b3 $18)) 21... Kh8 (21... Bg5 22. Bxg5 Nxg5 23. Re1 $17) 22. Bxf5 (22. c4 Be4 $11) 22... Qg8 $15 23. Be4 Be6 (23... Nf6 24. Bxd5 cxd5 $15) 24. f4 (24. Bf4 $5 $11) 24... Nf6 $17 25. f5 (25. b3 $5 $17) 25... Nxe4 $19 26. Qxe4 Bd5 27. Qe2 Qh7 28. Kh2 Rg8 29. g3 $2 (29. g4 $142 Bd6+ 30. Bf4 Bxf4+ 31. Rxf4 $19) 29... Bd8 (29... Rxg3 $142 $1 30. Qe5+ Rg7 $19) 30. c4 $11 {WG - Jerry survives another Tartakover Caro-Kann.} Rxg3 31. Qe5+ Rg7 32. cxd5 f6 33. Qf4 {(Here, my opponent grabbed his bishop to play Bc7, then set it back down, so he had to move it!)} (33. Qe6 Qh4 34. Bf4 $11) 33... Bb6 $4 (33... cxd5 34. Bb4 $11) 34. Qh6 (34. d6 $142 Qh5 35. Re1 $18) 34... Bc7+ (34... cxd5 35. Re1 Qxh6 36. Bxh6 $11) 35. Kh1 $14 Qxh6 (35... cxd5 $5 36. Rc1 Kg8 37. Qxh7+ Rxh7 $14) 36. Bxh6 $16 Rg3 37. Bf4 Bxf4 38. Rxf4 cxd5 $4 (38... Rxh3+ $142 39. Kg2 Rh7 $14) 39. Rh4+ $1 Kg7 40. Rg4+ $1 Rxg4 41. hxg4 {WG - A winning pawn-up ending.} Kh6 42. Kg2 Kg5 43. Kf3 b6 (43... Kh4 44. Kf4 a6 45. a3 a5 46. a4 b6 47. b3 Kh3 48. g5) 44. b3 a6 (44... Kh6 45. Kf4 b5 46. b4 Kg7 47. g5) 45. a3 a5 (45... Kh4 46. Kf4 Kh3 47. g5) 46. a4 Kh6 47. Kf4 Kg7 48. g5 Kf7 49. gxf6 Kxf6 50. Kg4 (50. Kg4 Kf7 51. Kg5 Kg7 52. f6+ Kf7 53. Kf5 Ke8 54. Ke6) 1-0

[Event "Oregon Open 2023 U2000"]
[Site "?"]
[Date "2023.09.04"]
[Round "6"]
[White "Rankin, Andrew"]
[Black "Sherrard, Jerry"]
[Result "0-1"]
[WhiteElo "1776"]
[BlackElo "1900"]
[Annotator "Chessify Cloud Stockfish (8m)"]
[PlyCount "62"]
[EventDate "2023.??.??"]
[SourceVersionDate "2023.09.15"]

{[%mdl 8256][%evp 0,62,17,17,28,16,30,9,16,13,33,8,6,13,13,16,15,10,10,-4,-9,-22,-2,-25,-27,-52,-52,-74,-43,-56,-56,-94,-37,-73,-76,-76,-81,-87,3,5,-21,-13,-19,-37,-42,-139,-135,-152,-147,-147,-147,-184,-183,-294,-110,-110,-102,-102,-71,-154,-100,-132,-132,-747,-749] D05: Colle System with ...e6} 1. d4 d5 2. Nf3 Nf6 3. e3 e6 4. Bd3 Bd6 5. b3 b6 6. Bb2 Bb7 7. O-O O-O 8. Nbd2 c5 9. Ne5 Nc6 10. a3 Ne7 11. f4 Ne4 12. Nxe4 dxe4 13. Bc4 {last book move} Nd5 (13... Nf5 14. Qe2 $15) 14. Bxd5 (14. Ng4 Kh8 $11) 14... exd5 $15 (14... Bxd5 $143 15. c4 Bb7 16. dxc5 bxc5 17. Qg4 $14) 15. Qg4 Bc8 (15... Qc8 16. Qg3 f6 17. dxc5 bxc5 18. Ng4 $15) 16. Qg3 (16. Qh5 Bb7 $15) 16... f6 $15 17. dxc5 bxc5 18. Ng4 Bxg4 (18... Be6 $5 $15) 19. Qxg4 $11 Qe7 20. Rfd1 Rad8 21. Rxd5 (21. Qe2 Qe6 $11) 21... Bxf4 $1 {WG - Black would be lost without this resource, but now stands better.} 22. Rad1 $2 (22. Rxd8 $142 $5 Bxe3+ 23. Kf1 Rxd8 24. Re1 $15) 22... Bxe3+ $17 23. Kh1 (23. Kf1 Bd4 $1 24. Rxd8 Rxd8 $17 (24... Qxd8 $143 25. c3 $16)) 23... Bd4 $1 24. Rxd8 (24. Bxd4 cxd4 {Discovered attack} (24... Rxd5 {Interception Decoy})) 24... Rxd8 25. c3 $2 (25. Bc1 $5 f5 $1 26. Qe2 h6 $17) 25... Be5 (25... Bf2 $142 26. Rxd8+ Qxd8 $19) 26. Re1 $4 (26. Bc1 f5 27. Qe2 f4 28. Rxd8+ Qxd8 $19) 26... Qd7 (26... f5 $142 27. Qh3 g6 $19) 27. Qxe4 $17 Qd2 (27... Qd3 28. Qxd3 Rxd3 29. Kg1 $17) 28. Ba1 h6 29. Rf1 $2 (29. b4 Qd1 $1 $17) 29... Qd3 (29... Qd1 30. Qf3 Qxb3 31. c4 Qxf3 32. gxf3 $19) 30. Qe1 (30. Qxd3 Rxd3 31. Kg1 Kf7 $17) 30... Qc2 31. Kg1 $4 (31. Qe3 $142 $17) 31... Rd2 $19 (31... Rd2 32. Rf2 Bxh2+ ({WG - or} 32... Rd1 33. Rxc2 Rxe1+ 34. Kf2 Rxa1) 33. Kxh2 Rxf2 34. Qe6+ Kh7 35. Qg4 f5 36. Qh3 Rf1 {WG - wins the hapless bishop.}) 0-1

[Event "Oregon Open 2023 U1700"]
[Site "?"]
[Date "2023.09.04"]
[Round "6"]
[White "Vora, Rohan"]
[Black "Vemuri, Vihari Narasimhavih"]
[Result "1-0"]
[WhiteElo "1501"]
[BlackElo "1659"]
[Annotator "Rohan Vora"]
[PlyCount "65"]
[SourceVersionDate "2023.09.15"]

{[%evp 0,65,16,28,76,71,75,77,94,78,88,71,67,67,124,48,105,31,54,55,74,51,87,52,41,52,71,14,89,76,305,279,406,365,801,155,105,110,435,91,51,51,46,54,58,92,164,107,88,94,118,125,144,174,520,363,407,407,407,407,344,187,29985,29986,29995,29996,29999,-30000]} 1. e4 d6 2. Nf3 Nf6 3. Nc3 g6 4. Bc4 Bg7 5. d4 O-O 6. h3 Nbd7 7. Be3 e5 8. d5 a5 9. a4 Ne8 10. g4 Nc5 11. Qd2 Bd7 12. b3 f5 13. Bxc5 fxe4 {Starting to set up the discovery check.} 14. Ng5 Rf4 15. Ne6 Bxe6 16. dxe6 e3 {Missed e7+. I didn't see the continuation after Kh8, but it's simply Qd5 and black can't really defend. I also missed the more straight forward Bxe3, consolidating and up a minor piece. Instead went for the questionable fxe3, hoping to keep e7+ ideas alive later on.} 17. fxe3 Qh4+ 18. Kd1 Rf2 19. Qd5 c6 20. Qd3 dxc5 21. Ne4 Kh8 {Now that the pin on the King is gone, white doesn't have e7+. This means the problem of Rd8 pinning the queen has to be solved. Queen doesn't have any good squares to go to, and Kc1 allows Rd8 followed by Rdd2 which feels really bad. I thought for a long time and found g5 here which I was really happy with. The pawn is protected by the knight. and between the knight and pawn, blacks queen is really limited. During the game I thought this was the only move that continued, but engine doesn't mind Nxf2 and getting both rooks for the queen after Rd8, which seems a lot harder to play out in practice, especially with white king in the middle of the board.} 22. g5 Rf8 23. e7 Rf5 24. Rf1 Qxh3 25. Rxf5 gxf5 26. Qd8 Qh5+ 27. Be2 Qh1+ 28. Kd2 Qxe4 29. Qxa8 Qd5+ 30. Kc1 Qh1+ 31. Bd1 h6 32. Qxe8+ Kh7 33. g6# 1-0

[Event "Oregon Open 2023 U1700"]
[Site "?"]
[Date "2023.09.04"]
[Round "6"]
[White "Tammar, Ethan"]
[Black "Qiao, Enjie"]
[Result "0-1"]
[WhiteElo "1798"]
[BlackElo "1491"]
[Annotator "Wilson Gibbins"]
[PlyCount "134"]
[SourceVersionDate "2023.09.15"]

{[%evp 0,134,19,31,19,14,26,32,24,11,31,6,5,1,4,-8,5,-12,10,6,0,-20,-18,-16,-16,-22,-12,-22,-20,-17,-23,-28,-22,-17,-6,-18,-23,-13,17,17,23,-37,-21,-71,-57,-80,-68,-62,1,-53,-29,-27,-26,-80,-90,-93,-86,-102,-85,-101,-113,-115,-102,-90,-84,-98,-82,-74,-62,-59,-43,-64,-13,-85,-80,-94,-94,-155,-155,-151,-145,-234,-225,-225,-196,-236,-233,-224,-224,-306,-344,-346,-372,-390,-372,-434,-477,-516,-592,-644,-705,-717,-740,-748,-765,-784,-791,-797,-637,-865,-620,-682,-508,-525,-432,-447,-555,-590,-553,-1012,-1032,-1032,-1032,-1032,-1002,-1276,-1479,-29981,-29982,-29983,-29984,-29985,-29972,-29973,-29980,-29981,-1022]} 1. d4 d5 2. Bf4 {The London is still a fearsome weapon, but it is no longer a surprise weapon. Most of us have some idea of how to survive this opening these days.} Nf6 3. e3 Bf5 4. Bd3 Bg6 5. Bxg6 hxg6 6. h3 e6 7. Nf3 Nc6 8. Qe2 a6 9. Nbd2 Bd6 10. Ne5 Bxe5 11. Bxe5 Nxe5 12. dxe5 Nd7 13. f4 Qh4+ {Younger players no longer fear endgames.} 14. Qf2 Qxf2+ 15. Kxf2 g5 16. b3 O-O-O {This takes the king away from the action on the kingside and center, where it could defend Black's pawns on the kingside and center, and perhaps support a central advance. Nothing interesting could ever happen on the queenside, right? Skip ahead to move 38 if you want to find out.} 17. Nf3 gxf4 18. exf4 f6 19. exf6 gxf6 {Perhaps younger players no longer fear endgames because they have discovered ways of unbalancing them to create winning chances. Will White's outside passed pawns win the race, or will Black central pawns decide the game?} 20. Rhe1 Rde8 21. Re2 e5 22. b4 e4 23. Nd4 Reg8 24. Rh1 Rh4 25. g3 Rh5 26. f5 {Grabbing the e6 square for White's knight but giving up the e5 square to Black's knight. A clear example of Bobby' Fischer's maxim - "To get squares, you gotta give squares."} b6 {preparing the central pawn advance c7-c5, but White manages to distract Black from this goal.} 27. Kg2 Ne5 (27... c5 28. bxc5 bxc5 {looks a little loose for Black, with White's knight jumping into e6 or c6, and the Whites' rook swinging over to the b-file.}) 28. Rf1 Rgh8 29. h4 Kd7 30. a4 Rg8 31. Kh3 Kd6 32. b5 {Stopping Black's central pawn advance. Both White's and Blacks pawns looked so menacing on move 20 but are now both blockaded.} axb5 33. axb5 Kc5 34. c3 Rh7 35. Ra1 Kd6 36. Rea2 {White takes over the only open file, but Black has sufficient counterplay.} Rhg7 37. Ne2 Kc5 $1 {I did not foresee this king raid when Black castled queenside on move 16.} 38. Ra8 (38. Rb1 {White could try to use his rook for passive defense, but using rooks generally look better on offense than defense.} Nc4 {threatens} 39. Z0 Nd6 {attacking the pawns on f5 and b5}) 38... Kxb5 39. Rxg8 Rxg8 40. Nd4+ Kc4 41. Ne6 e3 42. Re1 Kd3 43. Nf4+ Ke4 44. Nxd5 Kxd5 45. Rxe3 c5 46. Re2 Kc4 47. Rb2 b5 48. h5 Rg5 49. Kh4 Nf3+ 50. Kh3 Rxh5+ 51. Kg4 {Does white regain the piece with this king fork?} Rh2 {Nope. Very clever.} 52. Rb1 Ne5+ 53. Kf4 Rf2+ 54. Ke4 b4 55. cxb4 cxb4 56. Rc1+ Kb3 57. Rc8 Rc2 58. Rf8 Rc6 59. Rxf6 Rxf6 60. Kxe5 Rf8 61. f6 Ka2 62. g4 b3 63. g5 b2 64. g6 b1=Q 65. g7 Rg8 66. f7 Qb2+ 67. Ke6 Qxg7 0-1

[Event "Oregon Open 2023 U1700"]
[Site "?"]
[Date "2023.09.04"]
[Round "6"]
[White "Vemuri, Vihari Narasimhavih"]
[Black "Bayrambeyli, Emel"]
[Result "0-1"]
[WhiteElo "1659"]
[BlackElo "1503"]
[Annotator "Wilson Gibbins"]
[PlyCount "90"]
[EventDate "2023.??.??"]
[SourceVersionDate "2023.09.15"]

{[%evp 0,90,19,31,14,30,23,4,10,9,16,16,29,25,45,15,22,22,11,20,15,-5,-13,-12,12,-8,-8,-143,-135,-145,-141,-135,-134,-130,-130,-161,-120,-122,-126,-133,-132,-124,-128,-135,-131,-124,-111,-106,-104,-106,-31,-30,-31,-31,-38,-42,-41,-41,-22,-29,-33,-83,-79,-71,-27,-33,-28,-89,-28,-53,-90,-24,-99,-95,-95,-135,-186,-194,-308,-481,-700,-575,-952,-952,-982,-982,-992,-992,-992,-992,-992,-1002,-1002]} {Emel plays a steady game in the last round to tie for second in the U1700 section. Another young player disproves the notion that "kids can't play endings."} 1. d4 Nf6 2. Nf3 d5 3. c4 e6 4. Nc3 Be7 5. Bg5 O-O 6. e3 b6 ({Most players play} 6... h6 7. Bh4 {before playing} b6 {leading to the main lines of the Tartakover variation of the Queens Gambit Declined - repertoire books have Black playing 6...h6 or even 5...h6 without comment. But is it really inaccurate for Black to omit h6. The conventional wisdom is that it removes the h-pawn from a potential attack if White lines up with Bd3 and Qc2. But as John Watson points out in Mastering the Chess Openings, Volume 2 - "On the flip side, Black makes a weakness when he plays ...h6 and you never know how that might end up hurting him" (or in this game, her). Stockfish does not find much of a difference between 6...b6 and 6...h6 7.Bh4 h6. Brick by brick the edifice of conventional opening wisdom crumbles.}) 7. Be2 ({One way to try to exploit the missing h7-h6 move is to play} 7. cxd5 Nxd5 8. Bxe7 Qxe7 9. Nxd5 exd5 10. Bd3 c5 11. Qc2 {, but Stockfish says Black is fine.} h6 $11 ({Or more speculatively -} 11... Nc6 $5 12. dxc5 bxc5 13. Bxh7+ Kh8 14. Bd3 Nb4 15. Qd1 d4)) 7... dxc4 8. Bxc4 Bb7 9. O-O Nbd7 10. Be2 c5 11. Qa4 Nd5 12. Bxe7 Qxe7 $11 13. Ne5 $2 {This is a step towards an inferior ending.} Nxe5 14. dxe5 Nxc3 15. bxc3 Qg5 $1 {winning a pawn} 16. Qg4 Qxe5 17. Rad1 Rfd8 (17... Qxc3 {seems unnecessarily greedy, given Black is already a pawn up.}) 18. Qh4 f6 19. Qf4 Qxf4 20. exf4 Kf7 21. Bd3 g6 22. f3 Ke7 23. Rfe1 Rd6 24. Bc4 Rad8 {gives back the extra pawn, but in the resulting endgame Black will still be effectively up a pawn, as Black has a working 3-2 queenside while White's majority on the kingside is crippled by the doubled pawns.} (24... Rxd1 25. Rxd1 {keeps the extra pawn but makes it hard to oppose rooks on the open d-file.} {Stockfish spots a tricky maneuver} Bd5 26. Bxd5 exd5 27. Rxd5 Rd8 {leading to a won king and pawn ending.}) 25. Rxe6+ Rxe6 26. Rxd8 Kxd8 27. Bxe6 {Black is still much better.} Ke7 28. Bg8 $2 (28. Bc4 $15) 28... Bc8 $1 29. g4 (29. Bxh7 $2 Kf7 {traps and wins White's bishop.}) 29... h5 30. f5 hxg4 31. fxg6 f5 $2 (31... Kf8 $17) 32. Kf2 Kf6 33. Bf7 b5 34. fxg4 fxg4 35. Ke3 Bf5 36. Kf4 a5 37. g7 $2 Kxf7 38. Kxf5 Kxg7 39. Ke4 (39. Kxg4 {looks like White is better with the outside passed h-pawn, but Black's distant majority rules the day.} b4 40. cxb4 cxb4 41. Kf4 a4 42. Ke3 a3 43. Kd3 b3 {Black promotes the a-pawn}) 39... Kg6 40. Kd5 b4 41. cxb4 cxb4 42. Kc4 Kg5 43. Kb5 Kh4 44. Kxa5 Kh3 45. Kxb4 Kxh2 0-1